मंत्र सुमन / (Record no. 197577)
[ view plain ]
| 000 -LEADER | |
|---|---|
| fixed length control field | 00978nam a22002177a 4500 |
| 005 - DATE AND TIME OF LATEST TRANSACTION | |
| control field | 20230828120952.0 |
| 010 ## - LCCN (DPL NO) | |
| LC control number | HIN-125677 |
| 020 ## - INTERNATIONAL STANDARD BOOK NUMBER | |
| Terms of availability | 190.00 |
| International Standard Book Number | 9789392080616 |
| 035 ## - SYSTEM CONTROL NUMBER | |
| System control number | HN-98023 |
| 037 ## - SOURCE OF ACQUISITION | |
| Source of stock number/acquisition | DBAD/PUB |
| 082 ## - DEWEY DECIMAL CLASSIFICATION NUMBER | |
| Classification number | 230 |
| 100 ## - MAIN ENTRY--PERSONAL NAME | |
| Personal name | अमृत लाल 'गुर्वेन्द्र' |
| 245 ## - TITLE STATEMENT | |
| Title | मंत्र सुमन / |
| Statement of responsibility, etc | अमृत लाल 'गुर्वेन्द्र' और गायत्री 'गुर्वेन्द्र' |
| 260 ## - PUBLICATION, DISTRIBUTION, ETC. (IMPRINT) | |
| Name of publisher, distributor, etc | किताब महल पब्लिशर्स |
| Date of publication, distribution, etc | 2023 |
| Place of publication, distribution, etc | नई दिल्ली |
| 270 ## - ADDRESS | |
| Address | 4655/21 अंसारी रोड ग्राउंड फ्लोर दरियागंज |
| City | नई दिल्ली |
| Postal code | 110002 |
| 300 ## - PHYSICAL DESCRIPTION | |
| Extent | 133 पृ. |
| Dimensions | 22 सेमी(अजिल्द ) |
| 650 ## - SUBJECT ADDED ENTRY--TOPICAL TERM | |
| General subdivision | |
| Geographic subdivision | |
| 650 ## - SUBJECT ADDED ENTRY--TOPICAL TERM | |
| Form subdivision | |
| 700 ## - ADDED ENTRY--PERSONAL NAME | |
| Personal name | गायत्री |
| 9 (RLIN) | 55383 |
| 942 ## - ADDED ENTRY ELEMENTS (KOHA) | |
| Source of classification or shelving scheme | Dewey Decimal Classification |
| Item type | Hindi Books |
| Classification part | 230 |
| Call number suffix | अमृत लाल |
| Withdrawn status | Lost status | Not for loan | Home library | Current library | Date acquired | Source of acquisition | Cost, normal purchase price | Full call number | Barcode | Copy number | Cost, replacement price | Koha item type |
|---|---|---|---|---|---|---|---|---|---|---|---|---|
| Sarojini Nagar | Sarojini Nagar | 28/08/2023 | DBAD | 190.00 | 230 अमृत लाल | HN-98023 | 1 | 190.00 | Hindi Books |
